| 000 | 00333nam a22001217a 4500 | ||
|---|---|---|---|
| 082 |
_aCP-66 _bCSL-401 |
||
| 100 |
_aAhsan Gul _951199 |
||
| 245 |
_aOSL-401 Community Service Learning _bAhsan Gul |
||
| 260 |
_aRisalpur _bMEC _cSpring Semester 2017 |
||
| 500 | _aBE-Civil Engineering OD-84 | ||
| 526 |
_a0 _b0 _c0 _dCP_66 |
||
| 942 |
_2ddc _cBK |
||
| 999 |
_c553954 _d553954 |
||